Visualizzazione normale
Vista MARC
- Burris
di Personal Name
Records bibliografici associati: 2
001 - CONTROL NUMBER
- control field: 21418
003 - CONTROL NUMBER IDENTIFIER
- control field: IT-RoPau
005 - DATE AND TIME OF LATEST TRANSACTION
- control field: 20140422093502.0
008 - FIXED-LENGTH DATA ELEMENTS
- fixed length control field: 140422|| aca||aabn | a|a d
040 ## - CATALOGING SOURCE
- Original cataloging agency: IT-RoPau
- Transcribing agency: IT-RoPau
100 ## - HEADING--PERSONAL NAME
- Personal name: Burris
- Dates associated with a name: Codice autore SPICS: 20200
- Relator term: Autore
- Name of part/section of a work: Ballin' the Jack
670 ## - SOURCE DATA FOUND
- Source citation: Work cat.: (IT-RoPau)100750: AA.VV. 794, Jazz. Gli uomini, gli strumenti, gli stili 34